Statistics for 4 Overlapping Country Flags #4

Click here to take the quiz!

General Stats

  • This quiz has been taken 1,081 times
  • The average score is 9 of 12

Answer Stats

COUNTRY % Correct
Brazil
100%
Lebanon
89%
North Korea
88%
United States
87%
Norway
84%
Bosnia and Herzegovina
82%
Belarus
78%
Papua New Guinea
70%
Switzerland
62%
Grenada
52%
Namibia
48%
Nauru
34%

Score Distribution

Percentile by Number Answered

Percent of People with Each Score

Your Score History

You have not taken this quiz